2011 NBA Playoffs - Statistics

General Stats
  • This quiz has been taken 348 times
  • The average score is 23 of 40
Answer Stats
Hint Answer % Correct
First Round Miami Heat
87%
NBA Finals Dallas Mavericks
83%
First Round Dallas Mavericks
82%
NBA Finals Miami Heat
82%
Conference Finals Miami Heat
81%
Conference Semifinals Dallas Mavericks
80%
Conference Finals Dallas Mavericks
80%
Conference Semifinals Miami Heat
80%
First Round Chicago Bulls
76%
First Round Boston Celtics
74%
First Round Los Angeles Lakers
73%
Conference Semifinals Los Angeles Lakers
71%
First Round Oklahoma City Thunder
71%
First Round San Antonio Spurs
70%
Conference Semifinals Oklahoma City Thunder
68%
Conference Semifinals Boston Celtics
67%
Conference Finals Oklahoma City Thunder
67%
Conference Semifinals Chicago Bulls
65%
Conference Finals Chicago Bulls
63%
First Round Atlanta Hawks
61%
First Round Memphis Grizzlies
59%
First Round Orlando Magic
59%
First Round Indiana Pacers
58%
Conference Semifinals Atlanta Hawks
57%
Points NBA Finals Dwyane Wade
57%
First Round New York Knicks
57%
Conference Semifinals Memphis Grizzlies
53%
First Round Portland Trail Blazers
51%
First Round Denver Nuggets
49%
Rebounds NBA Finals Dirk Nowitzki
49%
Assists NBA Finals LeBron James
48%
First Round Philadelphia 76ers
47%
Steals NBA Finals LeBron James
46%
Points Playoffs Kevin Durant
40%
First Round New Orleans Hornets
34%
Blocks NBA Finals Dwyane Wade
26%
Rebounds Playoffs Dwight Howard
21%
Assists Playoffs Chris Paul
19%
Blocks Playoffs Serge Ibaka
13%
Steals Playoffs Manu Ginobili
9%
No matching quizzes found
Score Distribution
Percent of People with Each Score
Percentile by Number Answered
Your Score History
You have not taken this quiz